| 000 | 00575cam a2200217ua 4500 | ||
|---|---|---|---|
| 001 | 3760 | ||
| 005 | 20260515113727.0 | ||
| 008 | 111222n ii |||gr||||Z||||||eng | ||
| 020 | _a81-87606-28-2 | ||
| 040 | _cMAIN | ||
| 082 | _a305.4 | ||
| 100 |
_aDutta, Sujit Kumar, _eAuthor. |
||
| 245 | 1 | 1 |
_aEmpowering rural women _cby Sujit Kumar Dutta |
| 250 | _a1st. | ||
| 260 |
_aNew Delhi: _bAkansha Publishing house, _c2002. |
||
| 300 |
_a112p: _bill; _c23cm. |
||
| 653 | _aEmpowering rural women | ||
| 653 | _aSociology | ||
| 700 |
_aGhosh, Dilip Kumar, _eAuthor. |
||
| 942 | _cBK | ||
| 999 |
_c3584 _d3584 |
||